| 000 | 00853nam a2200217 a 4500 | ||
|---|---|---|---|
| 001 | 000067149 | ||
| 003 | AM-YEHGA | ||
| 005 | 20250617121629.0 | ||
| 008 | 010607s1973 ru |||||||||||||||||rus d | ||
| 040 | _aAM-YeHGA | ||
| 041 | 0 | _arus | |
| 100 | 1 | _aБлинова, Ольга Иосифовна | |
| 245 | 1 | 0 |
_aВведение в современную региональную лексикологию : _bМатериалы для спецкурса / _cО.И. Блинова ; Ред. В.В. Палагина. |
| 260 |
_aТомск : _bИзд-во Том. ун-та, _c1973. |
||
| 300 | _a257 с. | ||
| 650 | 1 | 4 | _aЯзыкознание |
| 700 | 1 |
_aПалагина, В.В. _eред. _4edt |
|
| 710 | 2 | _aТомский государственный университет им. В.В. Куйбышева | |
| 942 |
_2udc _cBK |
||
| 090 | _c20172 | ||
| 999 |
_c19967 _d19967 |
||